Normal view MARC view

Entry Personal Name

Number of records used in: 1

001 - CONTROL NUMBER

  • control field: 164329

003 - CONTROL NUMBER IDENTIFIER

  • control field: OSt

005 - DATE AND TIME OF LATEST TRANSACTION

  • control field: 20220923220548.0

008 - FIXED-LENGTH DATA ELEMENTS

  • fixed length control field: 220923|| aca||aabn | a|a d

040 ## - CATALOGING SOURCE

  • Original cataloging agency: OSt
  • Transcribing agency: OSt

100 ## - HEADING--PERSONAL NAME

  • Personal name: मिल, जौन स्टअर्ट; जैन, पी0 सी0

670 ## - SOURCE DATA FOUND

  • Source citation: Work cat.: (OSt)340693: मिल, जौन स्टअर्ट; जैन, पी0 सी0, स्वतंत्रता तथा प्रतिनिधि शासन, 1963
Copyright @ Delhi University Library System